000
00289nam a22001337a 4500
008
190225b xxu||||| |||| 00| 0 eng d
020
_a
9780673466365
041
_a
eng
080
_2
6th
_a
510
100
_a
36
101
_a
MAT
245
_a
Intermediate Algebra
_c
Lial
942
_2
udc
_c
BK
999
_c
54226
_d
54226